01422cam a22003257i 4500001000500000005001700005020002900022020001800051020002600069040003300095050002600128082001500154100002200169245003300191250003500224260004500259300002400304490002400328500007800352505000700430520040600437521001700843521001700860650004100877650004800918650005900966655001701025655003001042655002401072266920250124125620.0 a9781442499454 (hardback) a9780340911709 a1442499451 (hardback) aKNJbengcKNJerdadVHPdDLC00aPZ7.M869647bFal 201304a823.922231 aMuchamore, Robert14aThe fall /cRobert Muchamore aThis edition published in 2014 aLondon :bHodder Children's Books,c2007 a333 pages ;c22 cm 1 aCherub ;vmission 7 aOriginally published in Great Britain in 2007 by Hodder Children's Books. aZ  aWhen an MI5 operation goes disastrously wrong, James Adams needs all of his skills to get out of Russia alive. Meanwhile, his sister Lauren is on her first solo mission, trying to uncover a brutal human trafficking operation. And when James does get home, he finds that his nightmare is just beginning ...CHERUB agents have one crucial advantage: adults never suspect that children are spying on them.1 a960 bLexile1 aZ bRaz-Plus 0aHuman traffickingvJuvenile fiction. 0aTeenagerszGreat BritainvJuvenile fiction. 0aIntelligence servicezGreat BritainvJuvenile fiction. 0aSpy stories. 7aAdventure stories.2gsafd 7aSpy stories.2gsafd